| 000 | 00953nas a2200313 4500 | ||
|---|---|---|---|
| 001 | BR2017000705 | ||
| 003 | BR-BrBNA | ||
| 005 | 20231205130849.0 | ||
| 007 | ta | ||
| 008 | 230509b bl.|||p| |||| 00| 00por d | ||
| 040 |
_aBR-BrBNA _bpor _cBiblioteca Nacional de Agricultura |
||
| 041 | _a(En) | ||
| 072 | _aF04 | ||
| 100 | 1 | _aCorrêa, J.C. | |
| 100 | 1 | _aGrohskopf, M>A. | |
| 100 | 1 | _aNicoloso, R. da S. | |
| 100 | 1 | _aLourenço, K.S. | |
| 100 | 1 | _aMartini, R. | |
| 245 | 1 | _aOrganic, organomineral, and mineral fertilizers with urease and nitrification for wheat and corn under no-tillage | |
| 650 | _aMILHO | ||
| 650 | _aTRIGO | ||
| 650 | _aFERTILIZANTE | ||
| 650 | _aFERTILIDADE DO SOLO | ||
| 650 | _aMINERALIZAÇÃO | ||
| 650 | _aUREASE | ||
| 773 | 0 |
_tPesquisa Agropecuária Brasileira (Brazil) _xISSN 0100-204X _g(Aug 2016), v. 51(8) p. 916-924 _wBR2017000705 |
|
| 909 |
_a202311 _bLúcia _c55 _dLúcia Elande |
||
| 942 |
_2AGRIS _n0 _cANA |
||
| 999 |
_c251726 _d251726 |
||